01523nac a22003611u 4500003000900000005001700009008004100026020001800067020001500085040004300100082001700143100004300160245018300203264005300386300004500439336002600484337002800510338002700538500009300565500002600658504005100684600003100735650005600766650004100822651001000863653000800873655002400881700002700905856008900932942001201021999001501033952011301048EG-ScBUE20220814115415.0200219s1990 enka f b 001 0 eng d a9780419136200 a0419136207 aEG-ScBUEbengerdacEG-ScBUEdEG-ScBUE04a717bPIN2221 aPinder, Angi, eauthor.10aBeazley's design and detail of the space between buildings /cAngi and Alan Pinder, Estabrook associates, architects and landscape architects, stow-on-the-world, Gloucestershire. 1aLondon ;aNew York, NY :bE. & F.N. Spon,c1990. axii, 289 pages :billustrations ;c26 cm 2rdacontentatextbtxt 2rdamediaaunmediatedbn 2rdacarrieravolumebnc aRev. ed. of: Design and detail of the space between buildings / Elisabeth Beazley. 1960. adistributer: Al-Ahram aIncludes bibliographical references and index.17aBeazley, Elisabeth.2BUEsh 7aOpen spacesxDesign and construction.2BUEsh939241 7aMunicipal engineering.2BUEsh940009 2BUEsh bART vReading book9342321 aPinder, Alan,eauthor.423Publisher descriptionuhttp://www.loc.gov/catdir/enhancements/fy0651/89026204-d.html cBB2ddc c7301d7301 00102ddc40708AlahramaMAINbMAINc2NDd2008-01-20ePurchaseo717 PINp000030479r2025-07-15 00:00:00yBB